Top 10 Dallas Mavericks NBA Starters - Statistics

General Stats
  • This quiz has been taken 346 times
    189 since last reset
  • The average score is 14 of 29
Answer Stats
Team Player % Correct
2000-01, 2001-02, 2002-03, 2004-05, 2005-06, 2008-09, 2010-11 Dirk Nowitzki
99%
2021-22, 2023-24 Luka Dončić
99%
2008-09, 2010-11 Jason Kidd
95%
2023-24 Kyrie Irving
93%
2004-05, 2005-06 Jason Terry
74%
2023-24 Daniel Gafford
71%
2010-11 Tyson Chandler
71%
2023-24 P.J. Washington
69%
2000-01, 2001-02, 2002-03 Steve Nash
69%
2010-11 Shawn Marion
62%
2023-24 Derrick Jones Jr.
58%
2021-22 Dwight Powell
50%
1987-88 Mark Aguirre
49%
2000-01, 2001-02, 2002-03, 2004-05 Michael Finley
49%
2021-22 Dorian Finney-Smith
48%
1987-88 Rolando Blackman
48%
2021-22 Jalen Brunson
44%
1987-88 Derek Harper
31%
2010-11 DeShawn Stevenson
29%
2000-01, 2001-02, 2004-05, 2005-06, 2008-09 Josh Howard
29%
2000-01 Shawn Bradley
29%
1987-88 James Donaldson
24%
2004-05, 2008-09 Erick Dampier
19%
2021-22 Reggie Bullock
19%
2005-06 DeSagana Diop
14%
1987-88 Sam Perkins
14%
2001-02, 2002-03 Raef LaFrentz
8%
2002-03, 2005-06 Adrian Griffin
6%
2008-09 Antoine Wright
5%
No matching quizzes found
Score Distribution
Percent of People with Each Score
Percentile by Number Answered
Your Score History
You have not taken this quiz since the last reset